00382nam a22001217a 4500020001600000082001000016100001400026245009200040260003600132300002700168650004500195700002000240 qHard Cover. a620.1 aZeb, Sobh aSentiment Analysis on user Reviews through Lexicon and Rule based Approach /cSobh Zeb. aIslamabad:bCEME - NUST,c2016. a50 p. :bill. ;c30cm. aComputer Software Engineering Ms-Thesis. aDr. Usman Qamar